000 00641nam a2200205 i 4500
001 96561
003 ES-MaACL
005 20230906181933.0
007 t|
008 050627s1946 sp ||||1| spa d
100 1 _aMaldonado Allende, Ignacio.
_975720
245 1 4 _aLas insuficiencias circulatorias periféricas /
_cDr. Ignacio Maldonado Allende.
250 _a[1ª ed.].
260 _aBarcelona :
_bSalvat,
_c1946.
300 _a72 p. :
_bil. ;
_c23 cm.
490 1 _aManuales de medicina práctica ;
_v88
830 0 _aManuales de medicina práctica ;
_v88
_9181070
852 _aES-MaACL
_j1896-F-21
_bR.27163
999 _c96561
_d96561